Freedom and authority in education : (Record no. 6377)
[ view plain ]
| 000 -LEADER | |
|---|---|
| fixed length control field | 00892nam a2200277 a 4500 |
| 001 - CONTROL NUMBER | |
| control field | 6377 |
| 003 - CONTROL NUMBER IDENTIFIER | |
| rucl marc code | BD-RjUL |
| 005 - DATE AND TIME OF LATEST TRANSACTION | |
| control field | 20211208234231.0 |
| 008 - FIXED-LENGTH DATA ELEMENTS--GENERAL INFORMATION | |
| fixed length control field | 140111s1952 enk 001 0 eng d |
| 035 ## - SYSTEM CONTROL NUMBER | |
| System control number | OCLC ocm00175505 from D951228M |
| -- | (BD-RjUL)6417 |
| 040 ## - CATALOGING SOURCE | |
| Original cataloging agency | DLC |
| Transcribing agency | WSU |
| Modifying agency | SER |
| -- | UKM |
| -- | BD-RjUL |
| Language of cataloging | eng |
| 041 ## - LANGUAGE CODE | |
| Language code of text/sound track or separate title | eng |
| 082 ## - DEWEY DECIMAL CLASSIFICATION NUMBER | |
| Classification number | 370.1 |
| Author mark and year | BAF 1952 |
| 100 1# - MAIN ENTRY--PERSONAL NAME | |
| Personal name | Bantock, G. H. |
| Fuller form of name | (Geoffrey Herman), |
| Dates associated with a name | 1914- |
| 9 (RLIN) | 20090 |
| 245 10 - TITLE STATEMENT | |
| Title | Freedom and authority in education : |
| Remainder of title | a criticism of modern cultural and educational assumptions / |
| Statement of responsibility, etc. | [by] G.H. Bantock. |
| 246 14 - VARYING FORM OF TITLE | |
| Title proper/short title | Freedom & authority in education |
| 250 ## - EDITION STATEMENT | |
| Edition statement | 2nd ed |
| 260 ## - PUBLICATION, DISTRIBUTION, ETC. (IMPRINT) | |
| Place of publication, distribution, etc. | London : |
| Name of publisher, distributor, etc. | Faber & Faber, |
| Date of publication, distribution, etc. | 1965 [i.e. 1966] |
| 300 ## - PHYSICAL DESCRIPTION | |
| Pagination | 212 p. ; |
| Size | 23 cm. |
| 504 ## - BIBLIOGRAPHY, ETC. NOTE | |
| Bibliography, etc | includes index |
| 650 #0 - SUBJECT ADDED ENTRY--TOPICAL TERM | |
| Topical term or geographic name as entry element | Authority. |
| 9 (RLIN) | 20091 |
| Topical term or geographic name as entry element | Education |
| General subdivision | Philosophy. |
| 9 (RLIN) | 20092 |
| 942 ## - ADDED ENTRY ELEMENTS (KOHA) | |
| Source of classification or shelving scheme | Dewey Decimal Classification |
| Koha item type | Books |
| Lost status | Source of classification or shelving scheme | Damaged status | Not for loan | Collection code | Permanent Location | Current Location | Shelving location | Date acquired | Source of acquisition | Cost, normal purchase price | Total Checkouts | Full call number | Date last seen | Copy number | Koha item type |
|---|---|---|---|---|---|---|---|---|---|---|---|---|---|---|---|
| Dewey Decimal Classification | Not For Loan | Non-fiction | Central Library, University of Rajshahi | Central Library, University of Rajshahi | 08/06/1955 | Zeitlinger | 10.20 | 370.1 BAF 1952 | 11/01/2014 | C-1 | Books |